00431nam a2200157Ia 4500008004100000020001500041041001200056082002000068100006500088245002600153250001200179260003300191300001200224500002700236650001000263231217s9999 xx 000 0 und d a8178811189 aEnglish a368 SEE.1;1 R aSeethapathi, K ed. Jawaharlal, U ed. Krishna, K ... [et al.] 0aGeneral insurance V.1 a1st ed. c2003bICFAI PressaHyderabad aiv, 206 aContent page available aICFAI